000
00305nam a2200121Ia 4500
008
190216s9999||||xx |||||||||||||| ||und||
100
_a
Bhagwati Prasad
245
0
_a
Law And Practice Of Income Tax In India
260
_b
Kerala Bhasha Institute
_c
1982
300
_a
985p
650
_a
Commerce
942
_c
BK
999
_c
5458
_d
5458